| 000 | 00543nam a2200145 a 4500 | ||
|---|---|---|---|
| 008 | 120416s0000 ||||||||||||||||| || u | ||
| 020 | _a052159443X | ||
| 050 | _aTA 342 Cha | ||
| 100 | _aCha, Philip D | ||
| 245 | 1 | 0 | _aFundamentals of modeling and analysing engineering systems |
| 260 |
_aCambridge _bCambridge University Press _c2000 |
||
| 300 | _axxi, 466p. : ill. | ||
| 350 | _a0.00 | ||
| 995 |
_D0.00 _FCBU-MAIN LIBRARY (Kitwe) _H1 _I25.00 _M1 _UAVAILABLE _ZMain Library Open Access Collection |
||
| 999 |
_c44180 _d44180 |
||